[Event "Cheliabinsk Kibizov Memorial 5th"]
[Site "Cheliabinsk"]
[Date "2010.07.01"]
[Round "8"]
[White "Khafizov, Anvar"]
[Black "Pleshakov, Anton"]
[Result "0-1"]
[WhiteElo "2056"]
[BlackElo "1953"]
[PlyCount "88"]
[EventDate "2010.06.24"]
[EventType "swiss"]
[EventRounds "9"]
[EventCountry "RUS"]
[SourceTitle "EXT 2012"]
[Source "ChessBase"]
[SourceDate "2011.11.24"]
[SourceVersion "1"]
[SourceVersionDate "2011.11.24"]
[SourceQuality "1"]

1. d4 d5 2. c4 e6 3. Nc3 Nf6 4. Bg5 Be7 5. e3 c6 6. Nf3 Nbd7 7. Bd3 dxc4 8. Bxc4 b5 9. Bd3 a6 10. e4 c5 11. e5 Nd5 12. Bxe7 Qxe7 13. Ne4 0-0 14. dxc5 Nxc5 15. Nxc5 Qxc5 16. 0-0 h6 17. Rc1 Qe7 18. Bb1 Bb7 19. Qd3 g6 20. Rfd1 Rfd8 21. Qb3 Kg7 22. Nd2 Nf4 23. Qe3 Nxg2 24. Qg3 Nh4 25. Be4 Nf5 26. Qg2 Bd5 27. Bxd5 exd5 28. Nf3 Rac8 29. Qg4 Rc4 30. Rxc4 dxc4 31. Nd4 Nxd4 32. Rxd4 Re8 33. f4 Qe6 34. Qd1 Qf5 35. h4 Qh3 36. Qe1 Qg4+ 37. Kh2 g5 38. Qf2 Qf5 39. Qg3 g4 40. Qg2 Rxe5 41. Qd2 Re6 42. Kg3 Qb1 43. Kxg4 Rg6+ 44. Kf3 Qh1+ 0-1

[Event "Cheliabinsk Kibizov Memorial 5th"]
[Site "Cheliabinsk"]
[Date "2010.06.26"]
[Round "3"]
[White "Shurunov, Andrei"]
[Black "Khafizov, Anvar"]
[Result "1/2-1/2"]
[WhiteElo "1902"]
[BlackElo "2056"]
[PlyCount "78"]
[EventDate "2010.06.24"]
[EventType "swiss"]
[EventRounds "9"]
[EventCountry "RUS"]
[SourceTitle "EXT 2012"]
[Source "ChessBase"]
[SourceDate "2011.11.24"]
[SourceVersion "1"]
[SourceVersionDate "2011.11.24"]
[SourceQuality "1"]

1. e4 c5 2. Nf3 e6 3. d4 cxd4 4. Nxd4 Nf6 5. Nc3 Nc6 6. Be3 d6 7. Bd3 Qc7 8. Qd2 Be7 9. 0-0-0 0-0 10. f3 a6 11. g4 b5 12. h4 Bb7 13. h5 Nd7 14. g5 Nde5 15. Nxc6 Qxc6 16. f4 Nxd3+ 17. Qxd3 b4 18. Nb1 Qxe4 19. Qd2 Qc4 20. b3 Qb5 21. Rh2 Be4 22. h6 Bg6 23. a4 bxa3 24. Nxa3 Qf5 25. Qc3 gxh6 26. gxh6 Bf6 27. Qd2 d5 28. Bd4 Rfc8 29. Kb2 a5 30. c3 Rab8 31. Nc2 Qxc2+ 32. Qxc2 Bxc2 33. Rxc2 Bxd4 34. Rxd4 Rc4 35. Rg2+ Kf8 36. Kc2 Rxd4 37. cxd4 Ke7 38. Rg7 Kf6 39. Rxh7 Rc8+ 1/2-1/2